Culture Générale - Série 286 - Statistiques

Statistiques générales
  • Ce quiz a été pris 255 fois
  • Le résultat moyen est 7 sur 10
Statistiques - réponses
Question Réponse % Correct
A quelle partie du rhinocéros prête-t-on des vertus aphrodisiaques ? La corne
98%
A quel parfum de sirop est associé le diabolo chanté par Yves Simon en 1978 ? Menthe
94%
Au casino, sur les 37 cases de la roulette française, combien sont rouges ? 18
88%
Sur une photo d'Alberto Korda, quel révolutionnaire porte un béret étoilé ? Che Guevara
87%
Dans le corps humain, derrière quelle articulation se trouve le creux poplité ? Le genou
87%
Quel âge Pierre Bachelet avait-il "en ce temps-là" selon une chanson de 1987 ? 20 ans
71%
Quelle comète revient dans le voisinage de la Terre environ tous les 76 ans ? Halley
68%
Quel condiment en poudre provient d'un piment doux cultivé en Hongrie ? Le paprika
68%
Au subjonctif présent, que donne le verbe "faire" à la 1re personne du singulier ? Que je fasse
46%
En 1964, qu'est-ce qui était invisible selon le titre d'une émission avec Jacques Legras ? La caméra
42%
Aucun quiz correspondant
Distribution des résultats
% des personnes avec chaque résultat
Percentile par nombre de réponses
Votre historique - résultats
Vous n’avez pas pris ce quiz